书目信息 |
| 题名: |
当代中国经理学
|
|
| 作者: | 黄贵庭 主编 | |
| 分册: | ||
| 出版信息: | 北京 北京大学出版社 2008.01 |
|
| 页数: | 434页 | |
| 开本: | 26cm | |
| 丛书名: | ||
| 单 册: | ||
| 中图分类: | F279.23 | |
| 科图分类: | ||
| 主题词: | 企业领导学--qi ye ling dao xue--研究--中国 | |
| 电子资源: | ||
| ISBN: | 978-7-301-13253-1 | |
| 000 | 00976nam0 2200253 450 | |
| 001 | 012008920089 | |
| 005 | 20080508114754.45 | |
| 010 | @a978-7-301-13253-1@dCNY48.00 | |
| 100 | @a20080508d2008 em y0chiy0120 ea | |
| 101 | 0 | @achi |
| 102 | @aCN@b110000 | |
| 105 | @ac z 000yy | |
| 106 | @ar | |
| 200 | 1 | @a当代中国经理学@Adang dai zhong guo jing li xue@e企业经营管理者读本@f黄贵庭主编@Fhuang gui ting zhu bian |
| 210 | @a北京@c北京大学出版社@d2008.01 | |
| 215 | @a434页@c肖像@d26cm | |
| 300 | @a企业经营者修炼指南 | |
| 330 | @a本书从中国现时国情出发,从中国企业在岗经理的实际情况,经理这一职务的实际特点、经理的实际工作需要出发,选编了有关经理自身修炼及其工作方法、经验、技术及案例、典故、语录等。 | |
| 517 | 1 | @a企业经营管理者读本@Aqi ye jing ying guan li zhe du ben |
| 606 | 0 | @a企业领导学@Aqi ye ling dao xue@x研究@y中国 |
| 690 | @aF279.23@v4 | |
| 701 | 0 | @a黄贵庭@Ahuang gui ting@4主编 |
| 801 | 0 | @aCN@bQSSK@c20080508 |
| 905 | @b706956-58@dF279.23@eH836@f3 | |
| 当代中国经理学:企业经营管理者读本/黄贵庭主编.-北京:北京大学出版社,2008.01 |
| 434页:肖像;26cm |
| 企业经营者修炼指南 |
| ISBN 978-7-301-13253-1:CNY48.00 |
| 本书从中国现时国情出发,从中国企业在岗经理的实际情况,经理这一职务的实际特点、经理的实际工作需要出发,选编了有关经理自身修炼及其工作方法、经验、技术及案例、典故、语录等。 |
| ● |
| 相关链接 |
|
|
|
正题名:当代中国经理学
索取号:F279.23/H836
 
预约/预借
| 序号 | 登录号 | 条形码 | 馆藏地/架位号 | 状态 | 备注 |
| 1 | 706956 | 207069562 | 社科库409/409社科库 98排4列2层/ [索取号:F279.23/H836] | 在馆 | |
| 2 | 706957 | 207069571 | 社科库409/409社科库 98排4列2层/ [索取号:F279.23/H836] | 在馆 | |
| 3 | 706958 | 207069580 | 社科库409/409社科库 98排4列2层/ [索取号:F279.23/H836] | 在馆 |